000 00812akm a2200253 4500
007 cr ||a||||||||
008 240426s2024 o i|cat d
041 _acat
110 _aTERMCAT
_960609
245 _aDansa d'arrel tradicional: Indumentària
_h[en línia]
_cTERMCAT, Centre de Terminologia; Il·lustracions: Pau Fernández
260 _aBarcelona
_bTERMCAT, Centre de Terminologia
_c2024
300 _a1 infografia.
_bil.
500 _btermcat
520 _a48
592 _aObra terminològica
593 _aOS
593 _aUI
593 _aISH
650 0 _acultura popular
_962169
650 0 _adanses populars
_965338
650 0 _aindumentària
_962361
856 _uhttps://www.termcat.cat/ca/recursos/productes-multimedia/dansa-darrel-tradicional-indumentaria
942 _cMO
_n0
_2ddc
999 _c68923
_d68923